000 00762nam a22002057a 4500
008 081128t xxu||||| |||| 00| 0 eng d
010 _aENG-93021
020 _c90.00
_a9788190672290
035 _aEN-76554
037 _bDBAD / PUB
040 _adpl
_bEnglish
082 _a005.133
100 _aJayalakshmi, T.
245 _aCobol programming problems and solutions /
_cby T. Jayalakshmi
260 _bVaghai Publishers
_c2008
_aCoimbatore
300 _a216p.
_c22cm (pbk)
650 _aCOBOL (Computer program language).
942 _2ddc
_cEN
_mJAY
_h005.133
999 _c24069
_d24069